| 000 | 02423nam a22002897a 4500 | ||
|---|---|---|---|
| 999 |
_c59798 _d59798 |
||
| 003 | Ge_BSU | ||
| 005 | 20230419172607.0 | ||
| 008 | 230419s2022 ge ||||| |||| 00| 0 geo d | ||
| 020 | _a9789941228384 | ||
| 041 | _ageo | ||
| 080 | _a61(038)+811.124'36 ლ-16 | ||
| 245 |
_aლათინური სამედიცინო ტერმინოლოგიის საფუძვლები = Fundamenta terminologiae medicae latinae : _bსახელმძღვანელო და სამუშაო რვეული უმაღლ. სამედ. სასწ. სტუდენტებისათვის / _c ნანა ამირანაშვილი, ნელი გიგოლაევა, რუსუდან გიორგობიანი, ნელი ხატიაშვილი ; რედაქტორები: ირინე კვაჭაძე, მანანა ფხაკაძე ; თბილ. სახელმწ. სამედ. უნ-ტი, უცხოური ენების ცენტრი. |
||
| 264 |
_aთბილისი : _bუნივერსალი, _c2016. |
||
| 300 |
_a300 გვ. ; _b24 სმ. |
||
| 501 | _aლათინურ-ქართული ლექსიკონი გვ. 215-277 | ||
| 653 | _aლათინური ენის გრამატიკის სავარჯიშოები | ||
| 653 | _aლათინური ენის გრამატიკის სახელმძღვანელოები | ||
| 653 | _aსამედიცინო ტერმინოლოგია -- ლათინური ენა. | ||
| 700 |
_aამირანაშვილი, ნანა _eავტორი _917686 |
||
| 700 |
_aგიგოლაევა, ნელი _eავტორი _9641 |
||
| 700 |
_aგიორგობიანი, რუსუდან _eავტორი. _917687 |
||
| 700 |
_aხატიაშვილი, ნელი _eავტორი _98374 |
||
| 700 |
_aკვაჭაძე, ირინე _eრედაქტორი _96804 |
||
| 700 |
_aფხაკაძე, მანანა _eრედაქტორი _917688 |
||
| 710 |
_aთბილისის სახელმწ. სამედ. უნ-ტი. _b უცხოური ენების ცენტრი. _917689 |
||
| 942 |
_2udc _cBK |
||